Statistics for Top 200 Baby Girl Names in the UK for 1900

Click here to take the quiz!

General Stats

  • This quiz has been taken 11,289 times
  • The average score is 112 of 202

Answer Stats

Answer % Correct
1MMary
95%
3AAnnie
94%
132BBetsy
94%
80LLizzie
94%
6EElizabeth
94%
163AAnna
94%
52AAnn
94%
50EEliza
94%
146AAnne
94%
21EEmily
90%
196EEmmeline
90%
36EEmma
90%
149KKatherine
88%
134KKatie
88%
94EElla
88%
31KKathleen
88%
30CCatherine
88%
49KKate
87%
71MMaggie
85%
160MMarguerite
85%
155MMadge
85%
11MMargaret
85%
197MMargaretta
85%
13SSarah
83%
15EEllen
82%
53EEleanor
82%
27RRose
81%
29JJane
81%
141RRosie
81%
83RRosina
81%
195RRosanna
81%
91RRosa
81%
88VVictoria
80%
142RRosetta
79%
79EEveline
77%
46EEvelyn
77%
37EEva
77%
2FFlorence
76%
189FFlossie
76%
84FFlorrie
76%
64CCharlotte
76%
120FFlora
76%
128LLillian
75%
5AAlice
75%
131LLottie
75%
17LLily
75%
14LLilian
75%
171LLilly
75%
32FFrances
75%
119LLillie
75%
109HHelena
74%
63LLaura
74%
75HHelen
74%
104MMarie
73%
85MMaria
73%
60IIsabella
72%
82RRachel
72%
96IIsabel
72%
47HHannah
71%
161JJoan
71%
42GGrace
71%
100SSusan
70%
111SSusannah
70%
8DDorothy
69%
92RRebecca
69%
167DDorothea
69%
93JJulia
68%
162LLouise
67%
170CCarrie
67%
143JJenny
67%
125JJennie
67%
130LLouie
67%
68CCaroline
67%
40LLouisa
67%
48LLucy
67%
4EEdith
65%
41AAmy
65%
186CChristine
64%
19VViolet
64%
115CChristina
64%
35JJessie
64%
182CChristiana
64%
66RRuth
61%
74AAmelia
61%
10DDoris
60%
116BBarbara
60%
101MMillicent
60%
188MMillie
60%
73NNorah
60%
76MMildred
60%
61NNora
60%
172JJean
60%
148HHarriett
59%
54HHarriet
59%
34OOlive
59%
127SSophia
58%
45DDaisy
58%
7EElsie
57%
158IIris
56%
98JJanet
56%
26IIvy
56%
164LLinda
55%
44MMartha
55%
9EEthel
55%
108GGeorgina
54%
72EEdna
54%
24MMay
53%
59EEsther
53%
77VVera
53%
22BBeatrice
53%
135NNancy
53%
18WWinifred
52%
183WWinnie
52%
65IIrene
52%
12GGladys
51%
154GGwladys
51%
43CClara
51%
199VVeronica
49%
87RRuby
49%
122JJosephine
49%
20AAda
47%
180TTeresa
47%
139TTheresa
47%
151HHetty
46%
28GGertrude
46%
95HHenrietta
46%
57DDora
46%
193HHettie
46%
176GGwendolen
45%
159MMaude
45%
201GGwenllian
45%
16HHilda
45%
39MMaud
45%
78GGwendoline
45%
81MMarion
44%
123MMarian
44%
23NNellie
43%
51BBertha
43%
165QQueenie
43%
105NNelly
43%
33AAgnes
42%
58IIda
42%
69FFanny
42%
156PPolly
41%
146MMadeline
41%
55PPhyllis
40%
86LLydia
40%
102AAudrey
40%
138PPhillis
40%
97MMatilda
39%
25MMabel
39%
199NNaomi
39%
180MMarjory
38%
110LLeah
38%
107MMargery
38%
62MMarjorie
38%
126EEnid
38%
56CConstance
37%
99PPhoebe
37%
114EEileen
37%
174JJoyce
36%
113CCecilia
36%
169CCelia
36%
136SSylvia
34%
197MMonica
33%
166LLois
33%
145SStella
32%
124AAdelaide
31%
89MMiriam
30%
38MMinnie
30%
140BBridget
29%
67BBessie
28%
173BBeryl
28%
118LLena
28%
149MMona
27%
121FFreda
27%
178WWilhelmina
26%
179BBlanch
24%
144PPriscilla
24%
90BBlanche
24%
153EEunice
24%
168AAdeline
24%
70MMuriel
23%
152AAlma
23%
136SSybil
22%
193JJohanna
22%
129LLavinia
22%
103RRhoda
22%
191MMyrtle
20%
192EEna
20%
177MMyra
20%
201LLeonora
20%
112CClarice
20%
190DDinah
19%
183LLetitia
18%
106SSelina
18%
187CCissy
17%
185OOlwen
17%
175CCissie
17%
157CCicely
17%
117PPretoria
16%
133BBlodwen
15%

Score Distribution

Percentile by Number Answered

Percent of People with Each Score

Your Score History

You have not taken this quiz